000 00510nam a2200169Ia 4500
005 20250923144715.0
008 008 250917s9999 xx 000 0 eng d
037 _aTextual
040 _aDSWL
_beng
_cDSWL
041 _aeng
_2eng
084 _qDSWL
245 0 _aReport of the Asia and the far East conference on organization and administration of Social services 1959
_cby Unesco
260 _aNew York
_bNew York United Nation
_c1960
300 _a41p.
942 _cTEXL
999 _c1442311
_d1442311